000 00662 a2200181 4500
003 Nust
005 20170207153550.0
040 _cNust
082 _a005.1
100 _aJaffar, Syeda Rubab (MSCS-11)
245 _aA decision support system for energy policy analysis
_cSyeda Rubab Jaffar,
260 _bMCS,NUST
_cApril 2009
_aRawalpindi
300 _a87, p;
505 _aIntroduction (page-1) Literature review (page-5) DSS framework (page-18) Using linear programming to design DSS (page-25) The LP model (page-29) LP model analysis (page-46) Conclusion and future work (page-54)
538 _aAlmirah No 69 Shelf No 5
650 _aPG Thesis
651 _aMSCS-11
942 _cTHS
999 _c188828
_d188828